000 00378nam a2200145Ia 4500
008 210210b1979 xxu||||| |||| 00| 0 eng d
082 _a142.7 SARE
100 _aSARTRE (Jean-Paul).
245 _aExistentialism & human emotions.
260 _aNew Jersey.
_bCastle
_c1979
300 _a96
650 _aExistentialism Meditation
690 _aPhilosophy
906 _aSG02351
999 _c113262
_d113262